Η κοινωνική και επαγγελματική θέση της σημερινής γυναίκας : στην Ελλάδα και στο εξωτερικό

Αποθηκεύτηκε σε:
Λεπτομέρειες βιβλιογραφικής εγγραφής
Κύριος συγγραφέας: Τάκαρη, Ντίνα
Μορφή: Βιβλίο
Γλώσσα:Greek
Δημοσίευση: Αθήναι : Τάκαρη, 1978.
Θέματα:
Ετικέτες: Προσθήκη ετικέτας
Δεν υπάρχουν, Καταχωρήστε ετικέτα πρώτοι!

MARC

LEADER 00000cam a2200000 a 4500
001 1/125211
008 220712s1978####gr | ||| |||| ||gre||
040 |a GR-MyUa  |b gre  |c GR-MyUa  |e AACR2 
041 0 |a gre 
082 7 |a 301.412   |2 (23)  
100 1 |a Τάκαρη, Ντίνα. 
245 1 2 |a Η κοινωνική και επαγγελματική θέση της σημερινής γυναίκας :   |b στην Ελλάδα και στο εξωτερικό /   |c Ντίνα Τάκαρη.  
260 |a Αθήναι :   |b Τάκαρη,   |c 1978.  
300 |a 269 σ. :   |b πιν. ;   |c 25 εκ.  
504 |a Περιέχει βιβλιογραφικές παραπομπές.  
650 0 |a Women's rights. 
650 0 |a Women  |x Employment  |x Case studies. 
650 0 |a Women  |x Social life and customs. 
970 |a Σιδερή  |b Νεκταρία   |z 2022/07/12